000 00531nam a22002177a 4500
003 Nust
005 20211006102624.0
008 170116b xxu||||| |||| 00| 0 eng d
020 _a8121928222
038 _aKhadija
040 _cc
082 _a620.112
_bKHU
100 _aKhurmi
_982949
245 _aStrength of Materials (Mechanics of Solids)
250 _aSI Units Multicolour Ed.
260 _aNew Delhi:
_bS Chand;
_c2009.
300 _a862 p. ;
_c24 cm.
500 _apaperback.
563 _aPB
942 _cBK
_2ddc
999 _c32018
_d32018